Statistics for Red wings roster 2024

Click here to take the quiz!

General Stats

  • This quiz has been taken 72 times
  • The average score is 19 of 25

Answer Stats

numberpositionplayer% Correct
71CDylan Larkin
97%
53RDMoritz Seider
97%
88LWPatrik Kane
97%
93RWAlex Debrincat
91%
34GAlex Lyon
91%
57LWDavid Perron
91%
23RWLucas raymond
91%
35GVille Husso
91%
47GJames Reimer
88%
14LWRobby Fabbri
88%
18CAndrew copp
84%
96LDJake Walman
75%
27LWMichael Rasmussen
75%
36RWChristian Fischer
72%
17RWDaniel Sprong
72%
90CJoe Veleno
72%
37CJ.T Compher
72%
8LDBen Chiarot
69%
46RDJeff Petry
69%
41LDShayne Gostisbehere
69%
24LWKlim Kostin
59%
3RDJustin Holl
56%
2LDOlli Määttä
56%
77LDSimon Edvinsson
53%
52CJonatan Berggren
31%

Score Distribution

Percentile by Number Answered

Percent of People with Each Score

Your Score History

You have not taken this quiz